Kanoistická elita na Váh Majstrovstvá Slovenska na dlhých tratiach - Komárno

Bibliographic Details
Main Author: (eje) (Author)
Format: Article
Language:Slovak
Subjects:

MARC

LEADER 00000nab a2200000 a 4500
001 vtls000484165
003 SK-MaSNL
005 20260303005424.0
008 120927c1993 xo 0 slo
015 |a SNBRB19rr/mm-uuuuu 
035 |a CL0484300 
040 |a SNKBUCL  |b slo  |c SNKBUCL  |e AACR2 
041 0 |a slo 
044 |a xo  |c SK 
080 |a 797.122.3.093.1(437.6)  |2 1981 
100 1 |a (eje)  |4 aut  |9 838483 
245 1 0 |a Kanoistická elita na Váh  |b Majstrovstvá Slovenska na dlhých tratiach - Komárno  |c (eje) 
650 0 7 |a kanoistika  |2 snkbucl  |9 3240 
651 7 |a 5100  |2 snkbucl  |9 166206 
655 7 |a články z novín a časopisov  |2 snkbucl  |9 267496 
773 0 |t Šport  |g Roč. 47, č. 105 (7. 5. 1993), s. 22 
850 |a Slovenská národná knižnica v Martine  |a MTA001 
852 |a SNK  |b KIS3GCP 
958 |a RK 
992 |a RBX 
999 |c 1582479  |d 1584409